[Event "Dyfed op 47th"]
[Site "Fishguard"]
[Date "2018.02.17"]
[Round "2"]
[White "Howell, Alun"]
[Black "Probert, Malcolm"]
[Result "0-1"]
[WhiteElo "1691"]
[BlackElo "1601"]
[PlyCount "146"]
[EventDate "2018.02.16"]
[EventType "swiss"]
[EventRounds "5"]
[EventCountry "WLS"]
[SourceTitle "EXT 2020"]
[Source "ChessBase"]
[SourceDate "2019.10.17"]
[SourceVersion "1"]
[SourceVersionDate "2019.10.17"]
[SourceQuality "1"]

1. Nf3 g6 2. d4 Bg7 3. c4 d6 4. Nc3 e5 5. dxe5 dxe5 6. Qxd8+ Kxd8 7. Bg5+ f6 8. 0-0-0+ Nd7 9. Be3 c6 10. g3 Kc7 11. Bg2 Ne7 12. Ne4 Nb6 13. b3 Be6 14. Bc5 Nec8 15. h3 a5 16. a4 Nd7 17. Ba3 Bf8 18. Kb2 Bxa3+ 19. Kxa3 Rd8 20. Rd2 f5 21. Neg5 Bg8 22. h4 h6 23. Nh3 Ncb6 24. Rc2 Re8 25. Nd2 Nc5 26. e4 Rad8 27. f3 Rd3 28. Nf2 Rd6 29. Re1 Red8 30. Re2 Ne6 31. Rb2 Nd4 32. Re3 Ne6 33. Nb1 f4 34. gxf4 exf4 35. Ree2 Nc5 36. Bf1 Bxc4 37. bxc4 Nxc4+ 38. Ka2 Nxb2 39. Kxb2 Nxa4+ 40. Kb3 b5 41. Rc2 Kb6 42. Na3 Nc5+ 43. Kb2 Rd2 44. Ng4 Na4+ 45. Kb3 Nc5+ 46. Kb2 h5 47. Ne5 Rxc2+ 48. Kxc2 Rd6 49. Nac4+ bxc4 50. Nxc4+ Kc7 51. Nxd6 Kxd6 52. Bc4 Nd7 53. Kb3 Ne5 54. Be2 Kc5 55. Kc3 a4 56. Bd1 a3 57. Kb3 Kd4 58. Kxa3 c5 59. Kb2 c4 60. Kc2 c3 61. Be2 Nc6 62. Kc1 Ke3 63. Bd1 Nd4 64. e5 Ne6 65. Kc2 Kd4 66. Be2 Kxe5 67. Kxc3 Ng7 68. Bd3 Nf5 69. Bxf5 Kxf5 70. Kd2 g5 71. hxg5 Kxg5 72. Ke2 Kh4 73. Kf2 Kh3 0-1

[Event "Bridgend South Wales op"]
[Site "Bridgend"]
[Date "2018.01.07"]
[Round "5"]
[White "Probert, Malcolm"]
[Black "Robinson, David"]
[Result "0-1"]
[WhiteElo "1614"]
[BlackElo "1925"]
[PlyCount "50"]
[EventDate "2018.01.05"]
[EventType "swiss"]
[EventRounds "5"]
[EventCountry "WLS"]
[SourceTitle "CBM 182 Extra"]
[Source "ChessBase"]
[SourceDate "2018.02.23"]
[SourceVersion "1"]
[SourceVersionDate "2018.02.23"]
[SourceQuality "1"]

1. Nf3 d5 2. g3 Nf6 3. Bg2 c6 4. b3 Bf5 5. c4 e6 6. Bb2 Nbd7 7. d3 Bd6 8. 0-0 0-0 9. Nbd2 Re8 10. Nh4 h6 11. cxd5 cxd5 12. Nxf5 exf5 13. e3 Qa5 14. a3 Rac8 15. b4 Qa6 16. Nf3 g6 17. Qb3 b5 18. Rac1 Qb7 19. Rc3 Rxc3 20. Bxc3 Bf8 21. Qb2 Bg7 22. Rc1 Rc8 23. Re1 Qc6 24. Bd2 Ne4 25. Qc1 Nxd2 0-1

[Event "Bridgend South Wales op"]
[Site "Bridgend"]
[Date "2018.01.06"]
[Round "2"]
[White "Parry, Matthew"]
[Black "Probert, Malcolm"]
[Result "1-0"]
[WhiteElo "1903"]
[BlackElo "1614"]
[PlyCount "67"]
[EventDate "2018.01.05"]
[EventType "swiss"]
[EventRounds "5"]
[EventCountry "WLS"]
[SourceTitle "CBM 182 Extra"]
[Source "ChessBase"]
[SourceDate "2018.02.23"]
[SourceVersion "1"]
[SourceVersionDate "2018.02.23"]
[SourceQuality "1"]

1. d4 g6 2. c4 Bg7 3. Nc3 d6 4. e4 Nd7 5. f4 e5 6. fxe5 dxe5 7. d5 Qh4+ 8. g3 Qe7 9. Be3 a6 10. Nf3 Ngf6 11. Nd2 0-0 12. Be2 Ne8 13. Qc2 Ndf6 14. h3 c5 15. Na4 Nd7 16. b4 cxb4 17. c5 f5 18. d6 Qf6 19. exf5 e4 20. 0-0-0 gxf5 21. Qb3+ Kh8 22. Rhf1 Nxd6 23. cxd6 Qxd6 24. Bf4 Qe7 25. Kb1 b5 26. Nb2 a5 27. Bxb5 Nc5 28. Qc2 Be6 29. Ndc4 Qf6 30. Be5 Qf7 31. Bd6 Qf6 32. Bxc5 Bxc4 33. Bxc4 Qc6 34. Bd5 1-0

[Event "Bridgend South Wales op"]
[Site "Bridgend"]
[Date "2018.01.05"]
[Round "1"]
[White "Probert, Malcolm"]
[Black "Bevan, Peter M"]
[Result "0-1"]
[WhiteElo "1614"]
[BlackElo "1951"]
[PlyCount "134"]
[EventDate "2018.01.05"]
[EventType "swiss"]
[EventRounds "5"]
[EventCountry "WLS"]
[SourceTitle "CBM 182 Extra"]
[Source "ChessBase"]
[SourceDate "2018.02.23"]
[SourceVersion "1"]
[SourceVersionDate "2018.02.23"]
[SourceQuality "1"]

1. Nf3 d5 2. g3 c6 3. Bg2 Bf5 4. b3 Nd7 5. 0-0 e5 6. d3 Ngf6 7. c4 d4 8. e3 dxe3 9. fxe3 Qc7 10. d4 0-0-0 11. Nxe5 Nxe5 12. Rxf5 h5 13. Qe2 Neg4 14. Ba3 Bxa3 15. Nxa3 h4 16. Rf3 hxg3 17. Rxg3 Rh4 18. Bh3 Rdh8 19. Rxg4 Rxh3 20. Rg2 Qe7 21. Nc2 R8h4 22. Rf1 Nh5 23. Rf3 Qe6 24. Rxh3 Qxh3 25. Qf2 f5 26. Rg5 Rg4+ 27. Rxg4 Qxg4+ 28. Kh1 g5 29. Ne1 Qe4+ 30. Kg1 f4 31. Qf3 Qb1 32. Qf2 Qc1 33. exf4 Nxf4 34. Kf1 Kc7 35. c5 a6 36. Qg3 Qd2 37. Qf2 Qd1 38. Qe3 Kb8 39. Qf2 Ka7 40. Qe3 Qb1 41. Qd2 Qe4 42. Qf2 Qb1 43. Qd2 Qh7 44. Qf2 Qh3+ 45. Kg1 Qg4+ 46. Kh1 Nh3 47. Qe3 Qf5 48. Qf3 Qb1 49. Qe2 Nf4 50. Qd2 Qe4+ 51. Kg1 Ne2+ 52. Kf1 Nxd4 53. Qf2 Qh1+ 54. Qg1 Qd5 55. Qf2 Nf5 56. Nf3 g4 57. Ne1 Nd4 58. Nd3 Qh1+ 59. Qg1 Qf3+ 60. Nf2 Qe2+ 61. Kg2 Qxa2 62. Kh1 Qxb3 63. Qxg4 Qd5+ 64. Ne4 Nb3 65. Qg2 Qd1+ 66. Qg1 Qd5 67. Qe3 a5 0-1

[Event "West Wales op"]
[Site "Swansea"]
[Date "2017.11.18"]
[Round "3"]
[White "Probert, Malcolm"]
[Black "Boyd, C Christopher"]
[Result "0-1"]
[WhiteElo "1641"]
[BlackElo "1950"]
[PlyCount "114"]
[EventDate "2017.11.17"]
[EventType "swiss"]
[EventRounds "5"]
[EventCountry "WLS"]
[SourceTitle "EXT 2020"]
[Source "ChessBase"]
[SourceDate "2019.10.17"]
[SourceVersion "1"]
[SourceVersionDate "2019.10.17"]
[SourceQuality "1"]

1. Nf3 Nc6 2. g3 e5 3. d3 d5 4. Bg2 f5 5. 0-0 Nf6 6. e3 Bd6 7. b3 0-0 8. c4 e4 9. dxe4 fxe4 10. Nd4 Bg4 11. Qd2 Be5 12. Bb2 dxc4 13. Qc2 Nxd4 14. Bxd4 Bxd4 15. Qxc4+ Rf7 16. exd4 Qe7 17. Re1 Be6 18. Qe2 Bd5 19. Nc3 c6 20. f3 Qb4 21. Nxe4 Qxd4+ 22. Kh1 Nxe4 23. fxe4 Rf2 24. Qe3 Qxe3 25. Rxe3 Be6 26. Rf3 Re2 27. Rff1 Rd8 28. Bf3 Rb2 29. Rfd1 Rdd2 30. Rxd2 Rxd2 31. Kg1 Kf7 32. h4 Ke7 33. Kf1 a5 34. Be2 Kd6 35. Rd1 Rxd1+ 36. Bxd1 Ke5 37. Ke2 Kd4 38. Kf3 b5 39. Kf4 h6 40. a3 c5 41. e5 c4 42. b4 axb4 43. axb4 c3 44. Bc2 Kc4 45. Ke4 Bg8 46. Ke3 Kd5 47. Kd3 Bh7+ 48. Kxc3 Bxc2 49. Kxc2 Kxe5 50. Kd3 Kd5 51. Kc3 Ke4 52. Kc2 Kf3 53. Kd3 Kxg3 54. Kd4 Kxh4 55. Kc5 g5 56. Kxb5 g4 57. Ka6 g3 0-1